00658nam a22002177a 4500003001100000005001700011008004100028040003900069041000800108082001300116100002500129245001800154260003300172300004400205490004000249650001700289700002400306942000700330952008800337999001500425LK-CoMWRAF20240120173626.0240120b |||||||| |||| 00| 0 eng d aLK-CoMWRAFdLK-CoMWRAFeLK-CoMWRAF aeng a937bSTE aSteffensen, James L. a Ancient Rome aLondon:bWinchester,c[n.d.] a180-265 p. : ill., maps, charts ; 27 cm aUniversal history of the worldvIII aHISTORY-Rome aShapiro, Irwineed. cBK 00104070aMAINbMAINd2024-01-20l0o937 STEpRAF4901r2024-01-20w2024-01-20yBK c4664d4664